Historia de la lengua y literatura castellana (Record no. 42304)

MARC details
000 -LEADER
campo de control de longitud fija 01056nam a2200181 i 4500
001 - NÚMERO DE CONTROL
campo de control 42304
003 - IDENTIFICADOR DE NÚMERO DE CONTROL
campo de control ES-MaACL
005 - FECHA Y HORA DE LA ÚLTIMA TRANSACCIÓN
campo de control 20231204171250.0
007 - CAMPO FIJO DE DESCRIPCIÓN FÍSICA--INFORMACIÓN GENERAL
campo de control de longitud fija t|
008 - DATOS DE LONGITUD FIJA--INFORMACIÓN GENERAL
campo de control de longitud fija 030313s1972 sp ||||1| spa d
100 1# - ENTRADA PRINCIPAL--NOMBRE DE PERSONA
Nombre de persona Cejador y Frauca, Julio,
Fechas asociadas al nombre 1864-1927
9 (RLIN) 37333
245 10 - MENCIÓN DEL TÍTULO
Título Historia de la lengua y literatura castellana
Resto del título : (comprendidos los autores hispanoamericanos) /
Mención de responsabilidad, etc. Julio Cejador y Franca.
260 ## - PUBLICACIÓN, DISTRIBUCIÓN, ETC.
Lugar de publicación, distribución, etc. Madrid :
Nombre del editor, distribuidor, etc. Hernando :
-- Gredos,
Fecha de publicación, distribución, etc. 1932
-- [1972]
300 ## - DESCRIPCIÓN FÍSICA
Extensión 11 t. en 6 v. ;
Dimensiones 22 cm.
505 8# - NOTA DE CONTENIDO CON FORMATO
Nota de contenido con formato Contiene: V.I. : Desde los orígenes hasta Carlos V. - VIII, 357 p., 310 p. -- V.II: T. II y III.: Epoca de Carlos V. Epoca de Felipe II. - 316 p., 408 p. -- V.III.: T. IV y V.: Faltan. -- V.IV.: T. VI y VII.: Epoca del siglo XVIII : 1701-1829. Epoca romántica : 1830-1849. - 466 p., 506 p. -- V. V.: T. VIII. y IX.: Periodos de la época realista (1850-1887). - XII, 487 p., 527 p. -- V.VI.: T. X y XI.: Epoca regional y modernista, 1888-1907. - 339 p., 328 p.
852 ## - LOCALIZACIÓN
Ubicación ES-MaACL
Número de control de estantería P-1772
Sublocalización o colección R.81932
Holdings
Estatus retirado Estado de pérdida Estado de daño No para préstamo Biblioteca de origen Biblioteca actual Ubicación en estantería Fecha de adquisición Fuente de adquisición Total de préstamos Signatura topográfica completa Código de barras Visto por última vez Precio de reemplazo Tipo de ítem Koha
        Biblioteca del Ateneo de Madrid Biblioteca del Ateneo de Madrid Depósito 2 17/01/2008     P-1772 1044520 23/02/2023 23/02/2023 Libro impreso